| 000 | 00586nam a22001697a 4500 | ||
|---|---|---|---|
| 003 | LK-CoMWRAF | ||
| 005 | 20240110151746.0 | ||
| 008 | 231213b2001 |||||||| |||| 00| 0 eng d | ||
| 040 |
_aLK-CoMWRAF _dLK-CoMWRAF _eLK-CoMWRAF |
||
| 041 | _asin | ||
| 082 |
_a305.42 _bSTH |
||
| 245 | _aස්ත්රීන්ගේ ප්රතිපත්ති ප්රකාශනය 2001 | ||
| 246 | _aStringe prathipaththi prakashanaha | ||
| 260 |
_aකොළඹ : _bස්ත්රීන්ගේ දේශපාලන කවය _c2001 |
||
| 650 | _aWOMEN MANIFESTO | ||
| 942 | _cBK | ||
| 999 |
_c4394 _d4394 |
||